| 000 | 00431cam a2200181ua 4500 | ||
|---|---|---|---|
| 020 | _c3.00 | ||
| 041 |
_aeng _h |
||
| 082 |
_a330.1 _bSKA/EL |
||
| 100 | _aSkaria, P.P . | ||
| 245 |
_aElements of economics / _cP.P Skaria. _hTextual Documents |
||
| 250 |
_a2 / _b. |
||
| 260 |
_aCalicut : _bSaraswathi Printing Works , _c1966. |
||
| 300 | _a224 ; . | ||
| 365 | _a3.00 | ||
| 504 | _a | ||
| 942 | _cBK | ||
| 999 |
_c7677 _d7677 |
||